| 000 | 01611nam a2200397Ia 4500 | ||
|---|---|---|---|
| 001 | ebr10135533 | ||
| 003 | CaPaEBR | ||
| 006 | m u | ||
| 007 | cr cn||||||||| | ||
| 008 | 040106s2004 nyua sb 001 0 eng d | ||
| 010 | _z 2004040005 | ||
| 020 | _z1403965757 | ||
| 020 | _z1403965765 (pbk.) | ||
| 040 |
_aCaPaEBR _cCaPaEBR |
||
| 035 | _a(OCoLC)312700245 | ||
| 050 | 1 | 4 |
_aDS135.P63 _bI895 2004eb |
| 082 | 0 | 4 |
_a940.53/18/092 _aB _222 |
| 100 | 1 | _aIwry, Samuel. | |
| 245 | 1 | 0 |
_aTo wear the dust of war _h[electronic resource] : _bfrom Bialystok to Shanghai to the Promised Land : an oral history / _cby Samuel Iwry ; edited by L.J.H. Kelley. |
| 250 | _a1st ed. | ||
| 260 |
_aNew York : _bPalgrave Macmillan, _c2004. |
||
| 300 |
_axxvi, 214 p. : _bill. |
||
| 490 | 1 | _aPalgrave studies in oral history | |
| 504 | _aIncludes bibliographical references (p. [203]-204) and index. | ||
| 533 |
_aElectronic reproduction. _bPalo Alto, Calif. : _cebrary, _d2011. _nAvailable via World Wide Web. _nAccess may be limited to ebrary affiliated libraries. |
||
| 600 | 1 | 0 | _aIwry, Samuel. |
| 650 | 0 |
_aJews _zPoland _vBiography. |
|
| 650 | 0 |
_aHolocaust, Jewish (1939-1945) _zPoland _vPersonal narratives. |
|
| 650 | 0 |
_aJewish refugees _zChina _zShanghai _vBiography. |
|
| 650 | 0 |
_aJewish refugees _zMaryland _vBiography. |
|
| 655 | 7 |
_aElectronic books. _2local |
|
| 700 | 1 | _aKelley, L. J. H. | |
| 710 | 2 | _aebrary, Inc. | |
| 830 | 0 | _aPalgrave studies in oral history. | |
| 856 | 4 | 0 |
_uhttp://site.ebrary.com/lib/rucke/Doc?id=10135533 _zAn electronic book accessible through the World Wide Web; click to view |
| 999 |
_c187910 _d187910 |
||